Statistiques concernant Culture Générale - Série 966

Cliquez ici pour prendre le quiz!

Statistiques générales

  • Ce quiz a été pris 99 fois
  • Le résultat moyen est 7 sur 10

Statistiques - réponses

QuestionRéponse% Correct
Dans quel pays est né le footballeur Diego Maradona ?Argentine
98%
Dans quelle ville des Bouches-du-Rhône se trouve la gare Saint-Charles ?Marseille
97%
Selon l'expression, quand les choses s'enveniment, en quel liquide acide dit-on qu'elles tournent ?vinaigre
94%
De quel État des États-Unis sont originaires les francophones appelés "cajuns" ?Louisiane
84%
Selon l'expression, qu'est-ce qui revient au galop quand on le chasse ?le naturel
83%
Dans quelle forêt légendaire Merlin l'Enchanteur vivait-il ?Brocéliande
78%
Dans quel roman d'Albert Camus rencontre-t-on le personnage de Meursault ?L'Étranger
75%
Quel autre nom est donné à la malaria ?paludisme
61%
En 1997, quelle femme est nommée ministre de l'Emploi et de la Solidarité du gouvernement Jospin ?Martine Aubry
40%
Quel est le pseudonyme d'Henriette Ragon, chanteuse et comédienne, qui a révélé Georges Brassens dans son cabaret à Montmartre ?Patachou
26%

Distribution des résultats

Percentile par nombre de réponses

% des personnes avec chaque résultat

Votre développement - résultats

Vous n’avez pas pris ce quiz